Vornamen aus der Fußball-Bundesliga 2020/21 - Statistiken

Allgemein
  • Dieses Quiz wurde 2.624 mal gespielt
  • Das Durchschnittsergebnis liegt bei 14 aus 18
Antwortstatistiken
Nachname Verein Vorname % Korrekt
Trapp Eintracht Frankfurt Kevin
97%
Kruse Union Berlin Max
96%
Bellingham Borussia Dortmund Jude
95%
Stindl Borussia Mönchengladbach Lars
93%
Bellarabi Bayer Leverkusen Karim
92%
Pavard Bayern München Benjamin
91%
Baumann TSG Hoffenheim Oliver
83%
Klostermann RB Leipzig Lukas
82%
Schlager VfL Wolfsburg Xaver
78%
Günter SC Freiburg Christian
75%
Lukebakio Hertha BSC Dodi
74%
Zentner Mainz 05 Robin
74%
Didavi VfB Stuttgart Daniel
68%
Pieper Arminia Bielefeld Amos
67%
Thielmann 1. FC Köln Jan
56%
Skrzybski Schalke 04 Steven
55%
Augustinsson Werder Bremen Ludwig
46%
Gouweleeuw FC Augsburg Jeffrey
30%
Keine übereinstimmenden Quizze gefunden
Verteilung der Resultate
Anzahl Personen mit jedem Resultat
Perzentil nach korrekt beantworteten Fragen
Ihre Resultats-Entwicklung
Sie haben dieses Quiz noch nicht gespielt